Роль воды в формировании осинского нефтегазоносного горизонта Усольской свиты; Творчество юных - шаг в успешное будущее

Bibliographic Details
Parent link:Творчество юных - шаг в успешное будущее.— 2014.— [С. 62-64]
Main Author: Карих А. А.
Corporate Author: Национальный исследовательский Томский политехнический университет (ТПУ) Институт природных ресурсов (ИПР) Кафедра геологии и разведки полезных ископаемых (ГРПИ)
Other Authors: Исламов Т. И. (научный руководитель), Недоливко Н. М. Наталья Михайловна
Summary:Заглавие с титульного экрана
Language:Russian
Published: 2014
Series:Роль воды в развитии жизни Земли и формировании ее минеральных ресурсов
Subjects:
Online Access:http://www.lib.tpu.ru/fulltext/c/2015/C66/021.pdf
Format: MixedMaterials Electronic Book Chapter
KOHA link:https://koha.lib.tpu.ru/cgi-bin/koha/opac-detail.pl?biblionumber=612437

MARC

LEADER 00000naa2a2200000 4500
001 612437
005 20260422144600.0
035 |a (RuTPU)RU\TPU\conf\10559 
035 |a RU\TPU\conf\10557 
090 |a 612437 
100 |a 20150616d2014 k y0rusy50 ca 
101 0 |a rus 
102 |a RU 
135 |a drcn ---uucaa 
181 0 |a i  
182 0 |a b 
200 1 |a Роль воды в формировании осинского нефтегазоносного горизонта Усольской свиты  |f А. А. Карих, Т. И. Исламов  |g науч. рук. Н. М. Недоливко 
203 |a Текст  |c электронный 
225 1 |a Роль воды в развитии жизни Земли и формировании ее минеральных ресурсов 
300 |a Заглавие с титульного экрана 
320 |a [Библиогр.: с. 64 (2 назв.)] 
337 |a Adobe Reader 
463 1 |0 (RuTPU)RU\TPU\conf\10372  |t Творчество юных - шаг в успешное будущее  |o материалы VII Всероссийской научной студенческой конференции с элементами научной школы имени профессора М.К. Коровина, г. Томск, 10-14 ноября 2014 г.  |f Национальный исследовательский Томский политехнический университет (ТПУ) ; под ред. А. Ю. Дмитриева  |v [С. 62-64]  |d 2014 
610 1 |a труды учёных ТПУ 
610 1 |a электронный ресурс 
610 1 |a воды 
610 1 |a нефтегазоносные горизонты 
700 1 |a Карих  |b А. А. 
701 1 |a Исламов  |b Т. И. 
702 1 |a Недоливко  |b Н. М.  |c геолог  |c доцент Томского политехнического университета, кандидат геолого-минералогических наук  |f 1955-  |g Наталья Михайловна  |4 727 
712 0 2 |a Национальный исследовательский Томский политехнический университет (ТПУ)  |b Институт природных ресурсов (ИПР)  |b Кафедра геологии и разведки полезных ископаемых (ГРПИ)  |3 (RuTPU)RU\TPU\col\18660 
801 2 |a RU  |b 63413507  |c 20161013  |g RCR 
856 4 |u http://www.lib.tpu.ru/fulltext/c/2015/C66/021.pdf 
942 |c BK